| 000 | 01008nam a22003257a 4500 | ||
|---|---|---|---|
| 001 | BR0602957 | ||
| 003 | BR-BrBNA | ||
| 005 | 20230928102214.0 | ||
| 007 | ta | ||
| 008 | 230509b bl.||||| |||| 00| 0 por d | ||
| 040 |
_aBR-BrBNA _bpor _cBiblioteca Nacional de Agricultura |
||
| 041 | _a(Spa, Eng, Por) | ||
| 072 |
_aE70 _b0312 |
||
| 090 | _ 0312 BR0602957 | ||
| 100 | 1 | _aMüller, A.A. | |
| 100 | 1 | _aFurlan Júnior, J.(eds.) | |
| 110 | 1 | _aEMBRAPA Amazônia Oriental, Belém, PA (Brasil) | |
| 245 | 1 | _aAgronegócio do dendê: uma alternativa social, econômica e ambiental para o desenvolvimento da Amazônia | |
| 260 | 3 |
_aBelém, PA (Brasil): _c2001. |
|
| 300 | _a288 p. | ||
| 500 | _aSeveral bibliography; 56 tables; 63 illus. | ||
| 650 | _aDENDÊ | ||
| 650 | _aAGRIBUSINESS | ||
| 650 | _aDESENVOLVIMENTO SUSTENTÁVEL | ||
| 650 | _aMERCADO MUNDIAL | ||
| 650 | _aTRANSFERÊNCIA DE TECNOLOGIA | ||
| 650 | _aZONEAMENTO CLIMÁTICO | ||
| 909 |
_a202309 _bLucia _c55 _dLucia Elande |
||
| 942 | _cBK | ||
| 999 |
_c69643 _d69643 |
||